[Event "St Ingbert op"]
[Site "St Ingbert"]
[Date "1988.??.??"]
[Round "9"]
[White "Treder, Frank"]
[Black "Adam, Roman"]
[Result "1-0"]
[WhiteElo "1400"]
[BlackElo "1400"]
[PlyCount "65"]
[EventDate "1988.08.20"]
[EventType "swiss"]
[EventRounds "9"]
[EventCountry "GER"]
[SourceTitle "EXT 2002"]
[Source "ChessBase"]
[SourceDate "2001.11.25"]
[SourceVersion "1"]
[SourceVersionDate "2001.11.25"]
[SourceQuality "1"]

1. e4 e5 2. Nf3 Nc6 3. Bc4 Nf6 4. d4 exd4 5. Nxd4 Nxe4 6. 0-0 Bc5 7. Re1 d5 8. Bxd5 Qxd5 9. Nc3 Qd7 10. Rxe4+ Be7 11. Bg5 f6 12. Nxc6 bxc6 13. Rd4 Qf5 14. Bf4 0-0 15. Bxc7 Bc5 16. Rf4 Qg5 17. Ne4 Bxf2+ 18. Rxf2 Qg6 19. Nd6 Bg4 20. Qd4 a6 21. Qc4+ Kh8 22. Re1 h5 23. Re7 Ra7 24. Qxc6 Qg5 25. Nf7+ Rxf7 26. Rxf7 Qc1+ 27. Rf1 Qxb2 28. R1xf6 Rxc7 29. Rxc7 Qd4+ 30. Rf2 Qd1+ 31. Rf1 Qd4+ 32. Kh1 Be2 33. Qe8+ 1-0